| 000 | 01082nam a2200313 i 4500 | ||
|---|---|---|---|
| 001 | 189026 | ||
| 003 | SpMaBN | ||
| 005 | 20251015063158.0 | ||
| 008 | 190321s2016 sp a |||| | spa d | ||
| 020 | _a978-84-9073-243-4 | ||
| 080 | _a26-523(091) | ||
| 100 | 1 |
_aRoitman, Adolfo, _d1957- _9166641 |
|
| 245 | 1 | 0 |
_aDel tabernáculo al templo _b: sobre el espacio sagrado en el judaísmo antiguo / _cAdolfo D. Roitman. |
| 250 | _a2ª reimp. | ||
| 260 |
_aEstella, Navarra : _bVerbo Divino, _c2016. |
||
| 300 |
_a326 p. : _bil. ; _c24 cm. |
||
| 490 | 1 | _aEl mundo de la Biblia | |
| 500 | _aÍndice. | ||
| 504 | _aBibliografía: p. [295]-324. | ||
| 610 | 2 | 7 |
_aTemplo de Jerusalén. _96937 |
| 650 | 7 |
_aTabernáculo. _9166642 |
|
| 650 | 7 |
_aJudaísmo- _xHistoria. _913968 |
|
| 830 | 0 |
_aEl mundo de la Biblia _9193251 |
|
| 852 |
_aES-MaACL _jA-14416 _9196162 _bR.151827 _cDEPO1 _dOlim: N-7416 _hDonacion: Adolfo D. Roitman |
||
| 903 |
_aRoitman, Adolfo, _d1957- _ednr _9166641 |
||
| 942 |
_2udc _cMONOGRAFIA |
||
| 999 |
_c189026 _d189026 |
||